Southville International School and Colleges
Your cart is empty.
  • Cart
  • Lists
    Public lists Eva Luna New books Lux_list list_1
    Your lists Log in to create your own lists
  • Log in to your account
  • Your cookies
  • Search history
Southville International School and Colleges
  • Advanced search
  • Recent comments
  • Most popular
  • Libraries

Log in to your account

Log in with GOOGLE


If you do not have an external account, but do have a local account, you can still log in:

  1. Home
  2. MARC view: Happy Birthday spongebob! /
Normal view MARC view ISBD view

Happy Birthday spongebob! / (Record no. 41905)

[ view plain ]
MARC details
000 -LEADER
fixed length control field 00621nam a2200229Ia 4500
005 - DATE AND TIME OF LATEST TRANSACTION
control field 20140311163141.0
008 - FIXED-LENGTH DATA ELEMENTS--GENERAL INFORMATION
fixed length control field 140130s9999 xx 000 0 und d
020 ## - INTERNATIONAL STANDARD BOOK NUMBER
International Standard Book Number 9780439760959
050 ## - LIBRARY OF CONGRESS CALL NUMBER
Classification number PZ 7
Item number .C35927Hap 2005
100 ## - MAIN ENTRY--PERSONAL NAME
Personal name Chanda, J-P.
9 (RLIN) 31202
245 ## - TITLE STATEMENT
Statement of responsibility, etc J-P Chanda.
Title Happy Birthday spongebob! /
260 ## - PUBLICATION, DISTRIBUTION, ETC. (IMPRINT)
Name of publisher, distributor, etc Scholastic Inc.,
Date of publication, distribution, etc c2005.
Place of publication, distribution, etc USA :
300 ## - PHYSICAL DESCRIPTION
Extent 18 p. :
Other physical details col. ill. ;
Dimensions 23 cm.
440 ## - SERIES STATEMENT/ADDED ENTRY--TITLE
Volume number/sequential designation 1
9 (RLIN) 31174
521 ## - TARGET AUDIENCE NOTE
Target audience note
526 ## - STUDY PROGRAM INFORMATION NOTE
Reading level 220
650 ## - SUBJECT ADDED ENTRY--TOPICAL TERM
Topical term or geographic name as entry element Rebuses.
9 (RLIN) 2782
650 ## - SUBJECT ADDED ENTRY--TOPICAL TERM
Topical term or geographic name as entry element Birthdays
General subdivision Fiction.
9 (RLIN) 31203
650 ## - SUBJECT ADDED ENTRY--TOPICAL TERM
Topical term or geographic name as entry element Surprise
General subdivision Fiction.
9 (RLIN) 31204
942 ## - ADDED ENTRY ELEMENTS (KOHA)
Koha item type Books
Source of classification or shelving scheme Library of Congress Classification
Holdings
Withdrawn status Lost status Source of classification or shelving scheme Damaged status Home library Current library Shelving location Date acquired Total Checkouts Full call number Barcode Date last seen Copy number Price effective from Koha item type
    Library of Congress Classification   Munich Library Munich Library Scholastic Reading Center Section 01/30/2014   PZ 7 .C35927Hap 2005 MS1944 01/30/2014 1 03/11/2014 Books
    Library of Congress Classification   Munich Library Munich Library Scholastic Reading Center Section 03/11/2014   PZ 7 .C35927Hap 2005 MS1945 03/11/2014 2 03/11/2014 Books

Happy Birthday spongebob! /

APA

Chanda J., . (2005). Happy Birthday spongebob!. USA: Scholastic Inc.

Chicago

Chanda J-P, . 2005. Happy Birthday spongebob!. USA: Scholastic Inc.

Harvard

Chanda J., . (2005). Happy Birthday spongebob!. USA: Scholastic Inc.

MLA

Chanda J-P, . Happy Birthday spongebob!. USA: Scholastic Inc. 2005.

  • Place hold
  • Print
  • Cite
  • Add to your cart (remove)
  • Save record
    BIBTEX Dublin Core MARCXML MARC (non-Unicode/MARC-8) MARC (Unicode/UTF-8) MARC (Unicode/UTF-8, Standard) MODS (XML) RIS
  • More searches
    Search for this title in:
    Other Libraries (WorldCat) Other Databases (Google Scholar) Online Stores (Bookfinder.com) Open Library (openlibrary.org)

Exporting to Dublin Core...

SOUTHVILLE LIBRARY

Southville International School and Colleges Library

1281 Tropical Ave. Cor. Luxembourg St., BF Homes International, Las Pinas City

Tel. No. 8256374 / 252358 Loc. 117/146

Powered by Koha